Statistics for Jamie Foxx Quiz

Click here to take the quiz!

General Stats

  • This quiz has been taken 8 times
  • The average score is 4 of 10

Answer Stats

HintAnswer% Correct
Instrument he started playing aged 5Piano
83%
The Spiderman villain he playsElectro
67%
Position he played in football during High SchoolQuarterback
67%
In the same ceremony, he was nominated for Best Supporting Actor for this filmCollateral
50%
He won Best Actor at the Academy Awards for playing this singer/musicianRay Charles
50%
He features on the Kanye West track 'Gold Digger'. What album does that appear on?Late Registration
33%
His real nameEric Marlon Bishop
17%
Sketch comedy show he joined in 1991In Living Colour
17%
His first film role was in this 1992 comedyToys
17%
The name of his first studio albumPeep This
0%

Score Distribution

Percentile by Number Answered

Percent of People with Each Score

Your Score History

You have not taken this quiz